Nuevas direcciones en mediación: investigación y perspectivas comunicacionales
Na minha lista:
| Main Authors: | , |
|---|---|
| Formato: | Livro |
| Idioma: | espanhol |
| Publicado em: |
Buenos Aires
Paidós
1997
|
| Edição: | 1a. ed |
| Colecção: | Paidós Mediación, 7
|
| Assuntos: | |
| Tags: |
Adicionar Tag
Sem tags, seja o primeiro a adicionar uma tag!
|
MARC
| LEADER | 00000nam a2200000 a 4500 | ||
|---|---|---|---|
| 001 | UCK6907 | ||
| 003 | CL-VaPUC | ||
| 008 | 051021e19970000AG |||||||||||||||||spa|d | ||
| 020 | |a 9501287076 | ||
| 082 | 0 | 4 | |a 303.69 |b FOL |2 21 |
| 100 | 0 | |a Folger, Joseph P |e author |9 496417 | |
| 700 | 0 | |a Jones, Tricia S |e author |9 496418 | |
| 245 | 1 | 0 | |a Nuevas direcciones en mediación: investigación y perspectivas comunicacionales |
| 250 | |a 1a. ed | ||
| 300 | |a 356 p | ||
| 942 | |c BK | ||
| 945 | |d 20051021 00:00:00 |a jcarroza | ||
| 260 | |a Buenos Aires |b Paidós |c 1997 | ||
| 650 | 0 | |a Mediación |9 338396 | |
| 650 | 0 | |a Solución de conflictos |9 266729 | |
| 650 | 0 | |a Relaciones interpersonales |9 307056 | |
| 650 | 0 | |a Comunicación |9 257251 | |
| 583 | |a last modification |c 20051021 00:00:00 |k Rodrigo Vera | ||
| 490 | 0 | |a Paidós Mediación, 7 | |
| 999 | |c 315043 |d 315041 | ||
| 952 | |0 0 |1 0 |4 0 |6 303_690000000000000_FOL_1997 |7 0 |8 A |9 387942 |a BIBDER |b BIBDER |d 2019-11-22 |i 4176251 |o 303.69 FOL 1997 |p 4176251 |r 2023-01-25 |w 2019-11-22 |y BK |k DER | ||